Liedtext American Dragon - Statistiken

Allgemein
  • Dieses Quiz wurde 51 mal gespielt
  • Das Durchschnittsergebnis liegt bei 73 aus 116
Antwortstatistiken
Antwort % Korrekt
A
100%
American
100%
Dragon
100%
E
97%
er
97%
Er
97%
ist
95%
und
95%
dem
92%
nicht
92%
cool
89%
erschrecken
89%
euch
89%
Lasst
89%
Von
89%
was
89%
weiß
89%
auserwählt
87%
Der
87%
der
87%
J
87%
So
87%
zählt
84%
jung
82%
K
82%
Typ
79%
Drache
76%
Feuer
74%
spuckt
71%
ungeheuer
71%
vor
71%
schnell
68%
Abenteuer
66%
ein
66%
kämpft
66%
wie
66%
Zu
66%
zu
66%
Gute
63%
Drachenschweif
61%
Vorsicht
61%
fürs
58%
Ganz
58%
das
55%
Drachenmaul
55%
sehn
53%
erwache!
50%
die
42%
in
39%
sich
37%
Großvaters
34%
auf
29%
ich
26%
Jake!
26%
muss
26%
sein
26%
auch
24%
den
24%
Wenn´s
24%
mach
21%
Oh
21%
Pflicht
21%
Rampenlicht
21%
seiner
21%
zum
21%
drückt
18%
Schule
18%
an
16%
bis
16%
dank
16%
in´s
16%
Luft
13%
bleibt
11%
Kapiert?
11%
Lande
11%
Mann!
11%
tritt
11%
übers
11%
Action
8%
Arbeit
8%
erwacht
8%
Ey
8%
See
8%
Seht
8%
coole
5%
stehts
5%
Keine übereinstimmenden Quizze gefunden
Verteilung der Resultate
Anzahl Personen mit jedem Resultat
Perzentil nach korrekt beantworteten Fragen
Ihre Resultats-Entwicklung
Sie haben dieses Quiz noch nicht gespielt